| 000 | 00734nam a2200205 i 4500 | ||
|---|---|---|---|
| 001 | bg | ||
| 245 | 0 | 0 |
_aNowe prawo budowlane. _nCz. 2, _pRozporządzenia i zarządzenia wykonawcze / _c[red. Józef Cisewski]. |
| 260 |
_aBydgoszcz : _bOficyna Wydawnicza Ośrodka Postępu Organizacyjnego, _c1995. |
||
| 300 |
_a225 s. _c21 cm. |
||
| 500 | _aCz. 1 pod hasłem: Biliński Tadeusz, Dziwiński Robert i tyt. : Prawo budowlne wraz z komentarzem i omówieniem. | ||
| 650 | 9 |
_aBudownictwo _xprawo _zPolska |
|
| 700 | 1 |
_aCISEWSKI, Józef. _eRed. |
|
| 020 | _a8385731717 (cz. 2) | ||
| 040 | _cBPK | ||
| 041 | 0 | _apol | |
| 080 | _a349.442(438) | ||
| 920 | _a83-85731-71-7 (cz. 2) | ||
| 942 | _cKS | ||
| 008 | s pl f |000 0 pol | ||
| 999 |
_c30389 _d30389 |
||
| 856 |
_uhttp://koha.tu.koszalin.pl/cgi-bin/koha/opac-detail.pl?biblionumber=30389 _yKatalog online BPK |
||